| 000 | 00348nam a22001577a 4500 | ||
|---|---|---|---|
| 003 | SGT | ||
| 020 | _a978-93-5270-499-6 | ||
| 082 |
_a615 _bE19T |
||
| 100 | _aTRIPATHI, K.D. | ||
| 245 | _aESSENTIALS OF PHARMACOLOGY | ||
| 250 | _a8TH | ||
| 260 |
_aINDIA _bJAYPEE PUB _c2019 |
||
| 300 | _a1064 | ||
| 650 | _aPHARMACOLOGY | ||
| 942 |
_2ddc _cBK _0154 |
||
| 999 |
_c18792 _d18792 |
||